| 000 | 00873cam a2200229 4500 | ||
|---|---|---|---|
| 008 | 240117t2013 xxk||||| |||| 00| 0 eng d | ||
| 020 | _a9781783210183 | ||
| 041 | _aeng | ||
| 110 |
_aRoyal Institution of Chartered Surveyors _94900 |
||
| 245 |
_aAppointing a project manager _bRICS guidance note, UK |
||
| 250 | _a1st ed | ||
| 260 |
_aLondon, _bRICS, _c2013 |
||
| 300 | _a30p. | ||
| 490 | _aRICS Guidance Note | ||
| 650 | _aPROJECT MANAGEMENT SKILLS PANEL | ||
| 650 | _aMANAGEMENT-PROJECT MANAGEMENT | ||
| 650 | _aPROJECT MANAGERS | ||
| 690 | _aMANAGEMENT-BUSINESS MANAGEMENT-PROFESSIONAL PRACTICE | ||
| 710 |
_aRoyal Institution of Chartered Surveyors _94508 |
||
| 856 |
_uhttps://www.rics.org/profession-standards/knowledge-and-information-services/document-delivery-and-other-kis-fees _zTo request a copy please email [email protected] |
||
| 942 |
_n0 _2ddc |
||
| 999 |
_c121774 _d121774 |
||